书目信息 |
| 题名: |
告诉你一个真哈佛:哈佛的精髓与辉煌
|
|
| 作者: | 林德尔 编 | |
| 分册: | ||
| 出版信息: | 北京 中国城市出版社 1996.06 |
|
| 页数: | 313页 | |
| 开本: | 32开 | |
| 丛书名: | ||
| 单 册: | ||
| 中图分类: | G649.712.8 | |
| 科图分类: | ||
| 主题词: | 教育--各级 | |
| 电子资源: | ||
| ISBN: | 7-5074-0833-7 | |
| 000 | 00624nam0 2200193 45 | |
| 001 | 0011240904 | |
| 005 | 20001124091722.1 | |
| 010 | @a7-5074-0833-7@d16.00元 | |
| 100 | @a20001124d1996 km y0chiy0120 ea | |
| 101 | 0 | @achi |
| 105 | @a z 000yy | |
| 200 | 1 | @a告诉你一个真哈佛:哈佛的精髓与辉煌@AGao Su Ni Yi Ge Zhen Ha Fo:Ha Fo De Jing Sui Yu HuiHuang@AGao Su Ni Yi Ge Zhen Ha Fo@f林德尔编@FLin De Er Bian |
| 210 | @a北京@c中国城市出版社@d1996.06 | |
| 215 | @a313页@d32开 | |
| 606 | 0 | @a教育@x各级 |
| 690 | @aG649.712.8@v3 | |
| 701 | 0 | @a林德尔@4编 |
| 801 | @aCN@bPftUser@c20001124 | |
| 905 | @b502313@dG649.712.8@eL212@f1 | |
| 告诉你一个真哈佛:哈佛的精髓与辉煌/林德尔编.-北京:中国城市出版社,1996.06 |
| 313页;32开 |
| ISBN 7-5074-0833-7:16.00元 |
| ● |
| 相关链接 |
|
|
|
正题名:告诉你一个真哈佛:哈佛的精髓与辉煌
索取号:G649.712.8/L212
 
预约/预借
| 序号 | 登录号 | 条形码 | 馆藏地/架位号 | 状态 | 备注 |
| 1 | 502313 | 205023133 | 社科库409/409社科库 16排1列3层/ [索取号:G649.712.8/L212] | 在馆 |